000 00391nam a22001457a 4500
003 MACL
005 20191204172106.0
008 191204b xxu||||| |||| 00| 0 eng d
040 _c MACL
100 _aMohapatra, Diptierkha
_977449
245 _aWomen in Indian Society : Issues and Challenge
260 _aDelhi
_bS S D N Pub
_c2017
650 _aWomen Issue
_977450
942 _2ddc
_cBK
999 _c61514
_d61514